|
|
|
|
| LEADER |
00683nam a2200205Ia 4500 |
| 001 |
CTU_87073 |
| 008 |
210402s9999 xx 000 0 und d |
| 082 |
|
|
|a 338.8
|
| 082 |
|
|
|b S495
|
| 100 |
|
|
|a Setsuo, Mito (三戸節雄)
|
| 245 |
|
4 |
|a The Honda book of management :
|
| 245 |
|
2 |
|b a leadership philosophy for high industrial success
|
| 245 |
|
0 |
|c Setsuo Mito
|
| 260 |
|
|
|a London
|
| 260 |
|
|
|b Atlantic Highlands, N.J. : Athlone Press
|
| 260 |
|
|
|c 1990
|
| 650 |
|
|
|a Corporations,Industrial management,Corporations,Honda Giken Kōgyō Kabushiki Kaisha,Industrial management
|
| 650 |
|
|
|z Japan
|
| 904 |
|
|
|i Ngoc
|
| 980 |
|
|
|a Trung tâm Học liệu Trường Đại học Cần Thơ
|